000
002980000a22000970004500
100
1
_a
Kessler, John
245
1
0
_a
'T (le temps) en Aggée 1:2-4 : Conflict théologique ou "sagesse mondaine"?
300
_a
Vol. 48, Num. 4 (Octubre, 1998), Páginas 555-559
773
0
_t
Vetus Testamentum
942
_c
ANA
999
_c
58237
_d
58237